The Role of the Electric Vehicle in the Energy Transition (Record no. 11049)

MARC details
000 -LEADER
fixed length control field 00434nam a22001697a 4500
003 - CONTROL NUMBER IDENTIFIER
control field OSt
008 - FIXED-LENGTH DATA ELEMENTS--GENERAL INFORMATION
fixed length control field 220104b ||||| |||| 00| 0 eng d
020 ## - INTERNATIONAL STANDARD BOOK NUMBER
International Standard Book Number 9783030506353
082 ## - DEWEY DECIMAL CLASSIFICATION NUMBER
Classification number 621.3 ANR
100 ## - MAIN ENTRY--PERSONAL NAME
Personal name VARGAS,Angel Arcos
245 ## - TITLE STATEMENT
Title The Role of the Electric Vehicle in the Energy Transition
250 ## - EDITION STATEMENT
Edition statement 1st Ed.
260 ## - PUBLICATION, DISTRIBUTION, ETC. (IMPRINT)
Place of publication, distribution, etc London
Name of publisher, distributor, etc Springer
Date of publication, distribution, etc 2021
300 ## - PHYSICAL DESCRIPTION
Extent 192
650 ## - SUBJECT ADDED ENTRY--TOPICAL TERM
Topical term or geographic name as entry element ME-Electrical Vehicle
942 ## - ADDED ENTRY ELEMENTS (KOHA)
Source of classification or shelving scheme Dewey Decimal Classification
Koha item type Text Books
Holdings
Withdrawn status Lost status Source of classification or shelving scheme Damaged status Not for loan Collection code Home library Current library Date acquired Source of acquisition Currency Cost, normal purchase price Bill Number Total Checkouts Full call number Acc. no. / Barcode Date last seen Actual Cost, discounted price Bill Date Koha item type
    Dewey Decimal Classification     B.Tech(ME) PIET C-LIBRARY PIET C-LIBRARY 24/12/2021 Kirti Praskshan IN Rupees 7095.23 GST-in 514   621.3 ANR 33364 04/01/2022 5321.33 24/12/2021 Text Books
    Dewey Decimal Classification     B.Tech(ME) PIET C-LIBRARY PIET C-LIBRARY 24/12/2021 Kirti Praskshan IN Rupees 7095.23 GST-in 514   621.3 ANR 33365 04/01/2022 5321.33 24/12/2021 Text Books

Design & Developed by: PIET Central Library
R70 Miles Stone Pattikalyana Samalkha Panipat 132102
mail ID :- [email protected], Phone No:- 0180-2569700 Ex.216